Word power: for better English / (Record no. 171982)

MARC details
000 -LEADER
fixed length control field 00620nam a22001937a 4500
005 - DATE AND TIME OF LATEST TRANSACTION
control field 20200124115534.0
010 ## - LCCN (DPL NO)
LC control number B-731156
020 ## - INTERNATIONAL STANDARD BOOK NUMBER
International Standard Book Number 9788189923549
Terms of availability 195.00
035 ## - SYSTEM CONTROL NUMBER
System control number B-731156
037 ## - SOURCE OF ACQUISITION
Source of stock number/acquisition New Light
Stock number dpl
082 ## - DEWEY DECIMAL CLASSIFICATION NUMBER
Classification number 488.1
100 ## - MAIN ENTRY--PERSONAL NAME
Personal name Paul, D.S.
245 ## - TITLE STATEMENT
Title Word power: for better English /
Statement of responsibility, etc by D.S.Paul
260 ## - PUBLICATION, DISTRIBUTION, ETC. (IMPRINT)
Place of publication, distribution, etc New Delhi
Name of publisher, distributor, etc New Light Publishers
Date of publication, distribution, etc 201?
270 ## - ADDRESS
Address B-8, Rattan Jyoti, Rajendra Place
City New Delhi
Postal code 110008
300 ## - PHYSICAL DESCRIPTION
Extent vi,422p.
Dimensions 22cm(pbk)
942 ## - ADDED ENTRY ELEMENTS (KOHA)
Source of classification or shelving scheme Dewey Decimal Classification
Item type English Books
Call number suffix PAU
Classification part 488.1
Holdings
Withdrawn status Lost status Not for loan Collection code Home library Current library Date acquired Source of acquisition Cost, normal purchase price Full call number Barcode Copy number Cost, replacement price Koha item type
      Non-fiction Kadipur Kadipur 24/01/2020 Gift/ Eng /31.10.2019 195.00 488.1 PAU B-731156 1 195.00 English Books

© Delhi Public Library
Hit Counter
free hit counter